Hybrid Information Systems /

Las ponencias del taller sobre sistemas inteligentes híbridos se centró en la revisión de cómo se han ido combinando las tecnologías del soft computing con el cómputo duro, otros trabajos la inteligencia computacional y los agentes. Entre otros puntos, se abordaron la computación neurogenética; sist...

Celý popis

Uloženo v:
Podrobná bibliografie
Korporativní autor: International Workshop on Hybrid Intelligent Systems ( Adelaida, Australia)
Další autoři: Abraham, Ajith (edición y prefacio) (edición y prefacio), Köppen, Mario (edición y prefacio) (edición y prefacio), Pal, Sankar K. (prólogo) (prólogo)
Médium: Konferenční příspěvek Kniha
Jazyk:angličtina
Vydáno: Heidelberg, Alemania : Physica, 2002, c2002
Edice:(Advances in Soft Computing)
Témata:
Tagy: Přidat tag
Žádné tagy, Buďte první, kdo vytvoří štítek k tomuto záznamu!

MARC

LEADER 00000nam^a2200000^a^4500
001 000153079
005 20250521000000.0
009 20260310100305.756
022 |a 1615-3871 
022 |a 3-7908-1480-6 
037 |a Acervo ITESO - Biblioteca 
041 |a ING 
082 |a 006. 3  |b INT 2001 
111 |a International Workshop on Hybrid Intelligent Systems (  |n 1o :  |d 2001 :  |c Adelaida, Australia) 
245 1 0 |a Hybrid Information Systems /  |c Ed. y pref. de A. Abraham, M. Köppen ; pról. de S.K. Pal. 
264 4 |a Heidelberg, Alemania :  |b Physica,  |c 2002, c2002 
300 |a XVI, 734 p. 
336 |a texto  |b txt  |2 rdacontenido 
337 |a sin mediación  |b n  |2 rdamedio 
338 |a volumen  |b nc  |2 rdasoporte 
440 1 |a (Advances in Soft Computing) 
520 |a Las ponencias del taller sobre sistemas inteligentes híbridos se centró en la revisión de cómo se han ido combinando las tecnologías del soft computing con el cómputo duro, otros trabajos la inteligencia computacional y los agentes. Entre otros puntos, se abordaron la computación neurogenética; sistemas neuro-difusos; neurocomputación genética-difusa; técnicas híbridas de optimización; interacción con agentes inteligentes; otros sistemas inteligentes y aplicaciones de sistemas híbridos. 
649 |a XX 
650 |a Agentes Inteligentes (Software) 
650 |a Sistemas de Información 
650 |a Sistemas Computacionales 
650 |a Sistemas Expertos 
650 |a Control Inteligente 
650 |a Control Automático 
650 |a Lógica Difusa 
650 |a Sistemas Difusos 
650 |a Algoritmos Genéticos 
650 |a Análisis Numérico 
650 |a Programación (Matemáticas) 
650 |a Matemáticas de Ingeniería 
650 |a Inteligencia Artificial 
650 |a Soft Computing 
650 |a Ingeniería Computacional 
700 |a Abraham, Ajith  |e (edición y prefacio) 
700 |a Köppen, Mario  |e (edición y prefacio) 
700 |a Pal, Sankar K.  |e (prólogo) 
910 |a Fondo General 
920 |a Impresos - Libros 
930 |a Colección General 
905 |a 101 
901 |a 0500081672  |b IT1  |c ACC  |u 20250521 
902 |a https://opac.biblio.iteso.mx/vufind/Record/000153079